| 000 | 00916nam a22002297a 4500 | ||
|---|---|---|---|
| 999 |
_c139235 _d139235 |
||
| 005 | 20230628111749.0 | ||
| 010 | _a1718EN-30 B-681939-943 ENG-137193 | ||
| 020 |
_c799.00 _a9789385288920 |
||
| 035 | _aB-681939-943 EN-120725 | ||
| 037 |
_bPragati _adpl |
||
| 037 | _bDBAD/PUB | ||
| 082 | _a883.03 | ||
| 245 |
_aHimalaya : _cedited by Ruskin bond [and] Namita Gokhale _bAdventures: Meditations: Life / |
||
| 260 |
_aNew delhi _bSpeaking tiger _c2016 |
||
| 270 |
_a4381/4 Ansari Road, Daryaganj _bNew Delhi _e110002 |
||
| 300 |
_axviii 444p. : _c23cm(Hb) _bill. |
||
| 500 | _aIncludes bibliographical references and index | ||
| 700 | _aBond, Ruskin | ||
| 700 | _aGokhale, Namita | ||
| 942 |
_2ddc _cEN _h883.08 _mHIM |
||